Pugarpettiyin meedhu paduthurangum poonai (Record no. 1434850)

MARC details
000 -LEADER
fixed length control field 00687nam a22002177a 4500
005 - DATE AND TIME OF LATEST TRANSACTION
control field 20250822170528.0
008 - FIXED-LENGTH DATA ELEMENTS--GENERAL INFORMATION
fixed length control field 250822b |||||||| |||| 00| 0 eng d
037 ## - SOURCE OF ACQUISITION
Terms of availability TB
040 ## - CATALOGING SOURCE
Original cataloging agency CRL
Transcribing agency CRL
041 ## - LANGUAGE CODE
Source of code eng
Language code of text/sound track or separate title eng
Language code of original tam
084 ## - COLON CLASSIFICATION NUMBER
Classification number O31,1NRAx R4
Assigning agency CRL
100 ## - MAIN ENTRY--PERSONAL NAME
Personal name Ramasamy, Seenu
9 (RLIN) 815454
245 ## - TITLE STATEMENT
Title Pugarpettiyin meedhu paduthurangum poonai
260 ## - PUBLICATION, DISTRIBUTION, ETC.
Place of publication, distribution, etc. Chennai, India:
Name of publisher, distributor, etc. Discovery Publications,
Date of publication, distribution, etc. 2024.
300 ## - PHYSICAL DESCRIPTION
Extent 296p.
365 ## - TRADE PRICE
Price amount 500.00
Currency code INR
650 ## - SUBJECT ADDED ENTRY--TOPICAL TERM
Topical term or geographic name entry element Tamil Literature
650 ## - SUBJECT ADDED ENTRY--TOPICAL TERM
Topical term or geographic name entry element Tamil Poetry
942 ## - ADDED ENTRY ELEMENTS (KOHA)
Source of classification or shelving scheme Colon Classification (CC)
Koha item type Textbook
Classification part O31,1NRAx R4
Suppress in OPAC No
Holdings
Withdrawn status Lost status Source of classification or shelving scheme Damaged status Not for loan Home library Current library Date acquired Source of acquisition Cost, normal purchase price Inventory number Total Checkouts Full call number Barcode Date last seen Price effective from Koha item type
    Colon Classification (CC)     Central Library Central Library 2025-08-22 Seenu Ramasamy 500.00 Gift   O31,1NRAx R4 CL1699922 2025-08-22 2025-08-22 Textbook
Copyright @ Delhi University Library System